[Event "4. Memorial Oliver Gonzalez 2015"]
[Site "Madrid ESP"]
[Date "2015.10.13"]
[Round "4.21"]
[White "Cabanas Bravo, Juan Andres"]
[Black "Lorenzo Duran, Marcos"]
[Result "0-1"]
[WhiteElo "2042"]
[BlackElo "2146"]
[PlyCount "56"]
[EventDate "2015.10.10"]
[EventType "swiss"]
[EventRounds "9"]
[EventCountry "ESP"]
[Source "lmi"]
[SourceDate "2015.10.10"]

1. e4 c6 2. d4 d5 3. f3 Qb6 4. Nc3 e5 5. Nge2 dxe4 6. Nxe4 Bf5 7. N4g3 Bg6 8.
c3 Nd7 9. f4 exf4 10. Nxf4 Ngf6 11. Bc4 O-O-O 12. Nxg6 hxg6 13. Bxf7 Bd6 14.
Nf1 Ne4 15. Qf3 Ndf6 16. Bxg6 Kb8 17. Kd1 Rh4 18. g3 Nxc3+ 19. bxc3 Rxd4+ 20.
Ke1 Rc4 21. Nd2 Rc5 22. Kf1 Nd5 23. Ne4 Rf8 24. Bf5 Rxf5 25. Qxf5 Ne3+ 26. Bxe3
Rxf5+ 27. Ke2 Qb5+ 28. Kd2 Qd5+ 0-1

[Event "4. Memorial Oliver Gonzalez 2015"]
[Site "Madrid ESP"]
[Date "2015.10.13"]
[Round "4.22"]
[White "Barrenechea Bahamonde, Gustavo"]
[Black "De La Orden Alcocer, Alejandro"]
[Result "1-0"]
[WhiteElo "2141"]
[BlackElo "2021"]
[PlyCount "105"]
[EventDate "2015.10.10"]
[EventType "swiss"]
[EventRounds "9"]
[EventCountry "ESP"]
[Source "lmi"]
[SourceDate "2015.10.10"]

1. e4 Nf6 2. e5 Nd5 3. g3 d6 4. exd6 exd6 5. Bg2 Nb6 6. d4 Be7 7. Ne2 Nc6 8.
O-O O-O 9. Nbc3 Bf5 10. d5 Ne5 11. Nd4 Bg4 12. f3 Bd7 13. a4 a5 14. f4 Ng4 15.
h3 Nh6 16. f5 Bf6 17. g4 Bg5 18. Ne4 Bxc1 19. Qxc1 f6 20. Ne6 Bxe6 21. dxe6 d5
22. Nc5 Qd6 23. Nd3 c6 24. b3 Nc8 25. Qe3 Ne7 26. Rad1 Qc7 27. Kh1 Kh8 28. Nc5
Rfe8 29. Qc3 Rad8 30. Nd7 Rf8 31. Nxf8 Rxf8 32. Bxd5 Nxd5 33. Rxd5 Ng8 34. Rd7
Qb8 35. Re1 Re8 36. e7 Qf4 37. Rd8 Rxe7 38. Rdd1 h5 39. gxh5 Qxf5 40. Rxe7 Nxe7
41. Rd8+ Ng8 42. Qd3 Qf2 43. h6 gxh6 44. Rd7 Qe1+ 45. Kg2 Ne7 46. Rxb7 Qe5 47.
Kf2 Qh2+ 48. Ke1 Qg1+ 49. Kd2 Qg5+ 50. Qe3 Qd5+ 51. Kc1 Ng8 52. Kb2 c5 53. Rb5
1-0

[Event "4. Memorial Oliver Gonzalez 2015"]
[Site "Madrid ESP"]
[Date "2015.10.13"]
[Round "4.23"]
[White "Rojas Pozo, Jose Luis"]
[Black "Garcia Martin, Marta"]
[Result "0-1"]
[WhiteElo "2002"]
[BlackElo "2113"]
[PlyCount "112"]
[EventDate "2015.10.10"]
[EventType "swiss"]
[EventRounds "9"]
[EventCountry "ESP"]
[Source "lmi"]
[SourceDate "2015.10.10"]

1. d4 Nf6 2. Nf3 e6 3. e3 b6 4. Bd3 Bb7 5. Nbd2 d5 6. Qe2 Be7 7. O-O O-O 8. Re1
c5 9. c3 Ne4 10. a3 Bd6 11. Nf1 Nd7 12. N3d2 Qh4 13. f4 Qe7 14. Nf3 c4 15. Bc2
b5 16. Bd2 f6 17. Reb1 e5 18. Re1 Rae8 19. Rad1 Nxd2 20. Qxd2 e4 21. Nh4 f5 22.
g3 a5 23. Ra1 g6 24. Ng2 Bc6 25. Reb1 Ra8 26. Bd1 Nf6 27. h3 Ra7 28. Ne1 h5 29.
h4 Rfa8 30. Nc2 Nd7 31. Ra2 Kg7 32. Rba1 Nb8 33. Be2 Be8 34. Kg2 Nc6 35. Qd1
Qb7 36. Nd2 Bf7 37. Nb1 Qc7 38. Kf2 Rh8 39. Qh1 Rb7 40. Kg2 Rhb8 41. Qc1 b4 42.
axb4 axb4 43. cxb4 Bxb4 44. Nc3 Be7 45. Nd1 Rb3 46. Kf2 R3b6 47. Kf1 R6b7 48.
Kf2 Ra7 49. Rxa7 Nxa7 50. Ra2 Nc6 51. Qa1 Qb7 52. Nc3 Bd8 53. Nd1 Qb3 54. Qb1
Nb4 55. Nxb4 Qxb4 56. Nc3 Qxc3 0-1

[Event "4. Memorial Oliver Gonzalez 2015"]
[Site "Madrid ESP"]
[Date "2015.10.13"]
[Round "4.24"]
[White "Paarup, Torsten"]
[Black "Lianes Garcia, Marcos"]
[Result "0-1"]
[WhiteElo "1996"]
[BlackElo "2099"]
[PlyCount "96"]
[EventDate "2015.10.10"]
[EventType "swiss"]
[EventRounds "9"]
[EventCountry "ESP"]
[Source "lmi"]
[SourceDate "2015.10.10"]

1. e4 g6 2. d4 Bg7 3. Nc3 c5 4. d5 d6 5. Nf3 a6 6. a4 e5 7. dxe6 fxe6 8. Bf4 e5
9. Be3 h6 10. Bc4 Nf6 11. h3 Nc6 12. O-O g5 13. Nh2 Qe7 14. Nd5 Nxd5 15. Qh5+
Qf7 16. Qxf7+ Kxf7 17. Bxd5+ Be6 18. Bxe6+ Kxe6 19. a5 Bf6 20. Ra3 Rab8 21. Rd1
Bd8 22. Rda1 Nb4 23. Rc1 Bc7 24. Bd2 Nc6 25. c4 Bd8 26. Ng4 Nd4 27. Kf1 b6 28.
axb6 Rxb6 29. Bc3 h5 30. Ne3 g4 31. Nd5 Rc6 32. Bxd4 cxd4 33. Ke2 Bg5 34. Rc2
Rhc8 35. hxg4 hxg4 36. b3 Rh8 37. Rca2 Rb8 38. Kd3 Rcc8 39. b4 Rh8 40. Rxa6 Rh2
41. g3 Rf8 42. c5 Rf3+ 43. Kc4 Be7 44. Ra7 Rf7 45. c6 Rh1 46. c7 Rc1+ 47. Kb5
Bg5 48. Kb6 d3 0-1

[Event "4. Memorial Oliver Gonzalez 2015"]
[Site "Madrid ESP"]
[Date "2015.10.13"]
[Round "4.25"]
[White "Soto Martin, Miguel"]
[Black "Del Valle Cirera, Adria"]
[Result "0-1"]
[WhiteElo "1881"]
[BlackElo "2090"]
[PlyCount "80"]
[EventDate "2015.10.10"]
[EventType "swiss"]
[EventRounds "9"]
[EventCountry "ESP"]
[Source "lmi"]
[SourceDate "2015.10.10"]

1. e4 c5 2. Nf3 a6 3. c3 Nf6 4. Bd3 d5 5. e5 Ng8 6. h3 Nc6 7. Bc2 d4 8. Qe2 g6
9. O-O Bg7 10. Re1 e6 11. Qc4 Qb6 12. Ba4 Nge7 13. cxd4 cxd4 14. Nxd4 Bd7 15.
Nxc6 Nxc6 16. Bxc6 Bxc6 17. b3 O-O 18. Ba3 Rfd8 19. Bc5 Qc7 20. d4 b6 21. Bd6
Qb7 22. f3 Bxf3 23. gxf3 Qxf3 24. Qc3 Qxc3 25. Nxc3 Rxd6 26. exd6 Bxd4+ 27. Kg2
Bxc3 28. Rac1 Bxe1 29. Rxe1 Rd8 30. Rd1 Rd7 31. Kf3 f6 32. Ke4 Kf7 33. Rd4 e5
34. Ra4 Ke6 35. Rxa6 f5+ 36. Ke3 Rxd6 37. a4 f4+ 38. Ke4 Rd4+ 39. Kf3 Rd3+ 40.
Ke4 Re3# 0-1

[Event "4. Memorial Oliver Gonzalez 2015"]
[Site "Madrid ESP"]
[Date "2015.10.13"]
[Round "4.26"]
[White "Martin Rodriguez, Emilio"]
[Black "Perez Cameselle, Francisco"]
[Result "1-0"]
[WhiteElo "2084"]
[BlackElo "1896"]
[PlyCount "123"]
[EventDate "2015.10.10"]
[EventType "swiss"]
[EventRounds "9"]
[EventCountry "ESP"]
[Source "lmi"]
[SourceDate "2015.10.10"]

1. d4 Nf6 2. c4 e6 3. Nc3 Bb4 4. e3 O-O 5. Bd3 d5 6. Nf3 c5 7. O-O Bxc3 8. bxc3
Qc7 9. cxd5 exd5 10. Ne5 Nc6 11. f4 cxd4 12. cxd4 Bd7 13. Bd2 Rac8 14. Rc1 Qd6
15. Qb3 Rc7 16. Nxc6 Rxc6 17. Rxc6 Bxc6 18. Bb4 Qe6 19. Bxf8 Qxe3+ 20. Kh1 Kxf8
21. Qa3+ Ke8 22. Qc3 Kf8 23. Rf3 Qe7 24. a3 Kg8 25. h3 h5 26. g3 Qd7 27. Kg2
Ne4 28. Qc2 f5 29. Re3 Qd6 30. Bxe4 dxe4 31. Qb3+ Kh7 32. Qd1 Kh6 33. h4 Qe6
34. Kf2 Qa2+ 35. Qe2 Qa1 36. Qc4 Qh1 37. Qf1 Qh2+ 38. Qg2 Qxg2+ 39. Kxg2 Kg6
40. Kf2 Kf6 41. Rc3 Ke6 42. Ke3 Kd6 43. Rc5 g6 44. Kd2 b6 45. Re5 a5 46. Kc3 b5
47. Rc5 Bd7 48. Re5 Bc6 49. Kd2 Bd7 50. Kc2 Bc6 51. Kc3 Bd7 52. a4 bxa4 53.
Rxa5 Bc6 54. Kc4 e3 55. Kd3 e2 56. Kxe2 Kc7 57. Kd3 Kb6 58. Re5 Bb5+ 59. Kc3
Bc6 60. Kb4 Kc7 61. Kc5 a3 62. Re3 1-0

[Event "4. Memorial Oliver Gonzalez 2015"]
[Site "Madrid ESP"]
[Date "2015.10.14"]
[Round "5.1"]
[White "Arribas Lopez, Angel"]
[Black "Larino Nieto, David"]
[Result "1/2-1/2"]
[WhiteElo "2536"]
[BlackElo "2474"]
[PlyCount "65"]
[EventDate "2015.10.10"]
[EventType "swiss"]
[EventRounds "9"]
[EventCountry "ESP"]
[Source "lmi"]
[SourceDate "2015.10.10"]

1. e4 e6 2. d4 d5 3. exd5 exd5 4. Bd3 Bd6 5. Ne2 Ne7 6. Bf4 Bf5 7. Bxd6 Qxd6 8.
O-O O-O 9. Ng3 Bxd3 10. Qxd3 Qg6 11. Qxg6 hxg6 12. Re1 Re8 13. Nd2 Nd7 14. c3
f6 15. Re2 Kf7 16. Rae1 Rad8 17. f3 Nc8 18. Rxe8 Rxe8 19. Rxe8 Kxe8 20. h4 Nd6
21. Kf2 c6 22. Ne2 Kf7 23. g4 Nf8 24. Nf4 Ne6 25. Nd3 g5 26. hxg5 Nxg5 27. Nc5
Ne6 28. Nxe6 Kxe6 29. Ke3 g5 30. b3 f5 31. Kd3 Ne8 32. Nf1 f4 33. c4 1/2-1/2

[Event "4. Memorial Oliver Gonzalez 2015"]
[Site "Madrid ESP"]
[Date "2015.10.14"]
[Round "5.2"]
[White "Grigoryan, Karen H"]
[Black "Aryan, Chopra"]
[Result "1-0"]
[WhiteElo "2600"]
[BlackElo "2430"]
[PlyCount "84"]
[EventDate "2015.10.10"]
[EventType "swiss"]
[EventRounds "9"]
[EventCountry "ESP"]
[Source "lmi"]
[SourceDate "2015.10.10"]

1. e4 e5 2. Nf3 Nc6 3. Bb5 a6 4. Ba4 Nf6 5. O-O b5 6. Bb3 Bc5 7. c3 d6 8. d4
Bb6 9. h3 h6 10. Be3 O-O 11. Nbd2 Re8 12. Re1 Bb7 13. d5 Ne7 14. Bxb6 cxb6 15.
c4 bxc4 16. Bxc4 Ng6 17. Bf1 Bc8 18. Qb3 b5 19. a4 Bd7 20. axb5 axb5 21. Qb4
Rxa1 22. Rxa1 Qb6 23. Qa5 Qc5 24. b4 Qc3 25. Qa3 Qc7 26. Qe3 Rc8 27. Ra6 Be8
28. Qb6 Qc2 29. Qxd6 Nxe4 30. Nxe4 Qxe4 31. Ra1 Nf4 32. Nxe5 Qxd5 33. Rd1 Qxd6
34. Rxd6 Kf8 35. Rd1 Ke7 36. g3 Ne6 37. f4 Rc3 38. Kf2 Rb3 39. f5 Nc7 40. Nd3
Nd5 41. Re1+ Kf8 42. Re4 Rb2+ 1-0

[Event "4. Memorial Oliver Gonzalez 2015"]
[Site "Madrid ESP"]
[Date "2015.10.14"]
[Round "5.3"]
[White "Starostits, Ilmars"]
[Black "Hovhannisyan, Robert"]
[Result "1/2-1/2"]
[WhiteElo "2404"]
[BlackElo "2630"]
[PlyCount "115"]
[EventDate "2015.10.10"]
[EventType "swiss"]
[EventRounds "9"]
[EventCountry "ESP"]
[Source "lmi"]
[SourceDate "2015.10.10"]

1. d4 d5 2. c4 c6 3. cxd5 cxd5 4. Nc3 Nf6 5. Bf4 Nc6 6. e3 Bg4 7. Qb3 Na5 8.
Qa4+ Bd7 9. Bb5 e6 10. Bxd7+ Nxd7 11. Rc1 Nc6 12. Nf3 Be7 13. O-O O-O 14. Qb5
Qb6 15. Ne5 Ndxe5 16. Bxe5 Rfc8 17. Bg3 Qxb5 18. Nxb5 a6 19. Nd6 Bxd6 20. Bxd6
f6 21. f3 Kf7 22. Kf2 h5 23. Ke2 g5 24. g4 Rh8 25. h3 Rac8 26. Kd2 Kg6 27. Rf2
Rhd8 28. Bc5 Rd7 29. f4 hxg4 30. fxg5 fxg5 31. hxg4 Rf7 32. Rh2 Rh7 33. Rxh7
Kxh7 34. Bd6 Rd8 35. Be5 Rf8 36. Ke2 Kg6 37. Bg3 Rc8 38. Kd2 Rh8 39. Rf1 Kg7
40. Be5+ Nxe5 41. dxe5 Rh2+ 42. Kc3 Rg2 43. Rf6 Rxg4 44. Rxe6 Re4 45. Re7+ Kh6
46. Rxb7 g4 47. Rb8 Rxe5 48. Kd4 Re7 49. Rg8 Rg7 50. Rxg7 Kxg7 51. Kd3 a5 52.
b3 Kf6 53. a3 Ke5 54. b4 axb4 55. axb4 Kd6 56. Ke2 Kc6 57. Kf2 Kb5 58. Kg3
1/2-1/2

[Event "4. Memorial Oliver Gonzalez 2015"]
[Site "Madrid ESP"]
[Date "2015.10.14"]
[Round "5.4"]
[White "Ulybin, Mikhail"]
[Black "Roa Alonso, Santiago"]
[Result "1-0"]
[WhiteElo "2520"]
[BlackElo "2382"]
[PlyCount "83"]
[EventDate "2015.10.10"]
[EventType "swiss"]
[EventRounds "9"]
[EventCountry "ESP"]
[Source "lmi"]
[SourceDate "2015.10.10"]

1. d4 d5 2. c4 e6 3. Nf3 Nf6 4. g3 Bb4+ 5. Bd2 Be7 6. Bg2 O-O 7. O-O c6 8. Qb3
b6 9. Nc3 Ba6 10. cxd5 cxd5 11. Ne5 Bb7 12. Rac1 Nc6 13. Nb5 Nxe5 14. dxe5 Nd7
15. Qe3 d4 16. Nxd4 Bxg2 17. Kxg2 Nxe5 18. Qe4 Qd5 19. Qxd5 exd5 20. Rfd1 Nc4
21. Bc3 Bg5 22. Rc2 Rfc8 23. Nf3 Be7 24. b3 Na3 25. Rcc1 Nb5 26. Bb2 Bf6 27.
Rxc8+ Rxc8 28. Bxf6 gxf6 29. Rxd5 Nc3 30. Rd2 b5 31. Rc2 b4 32. Nd2 Rd8 33. Nc4
Nb5 34. Na5 Na3 35. Nc6 Nxc2 36. Nxd8 Nd4 37. e3 Ne2 38. Nc6 a5 39. Nxa5 Nc1
40. Kf3 Nxa2 41. Ke4 Nc3+ 42. Kd4 1-0

[Event "4. Memorial Oliver Gonzalez 2015"]
[Site "Madrid ESP"]
[Date "2015.10.14"]
[Round "5.5"]
[White "Del Rio De Angelis, Salvador G"]
[Black "Martin Duque, Jesus"]
[Result "1-0"]
[WhiteElo "2512"]
[BlackElo "2382"]
[PlyCount "101"]
[EventDate "2015.10.10"]
[EventType "swiss"]
[EventRounds "9"]
[EventCountry "ESP"]
[Source "lmi"]
[SourceDate "2015.10.10"]

1. d4 Nf6 2. Nf3 d5 3. c4 c6 4. Nc3 dxc4 5. e3 b5 6. a4 b4 7. Nb1 e6 8. Bxc4
Be7 9. O-O O-O 10. Qe2 Nbd7 11. Rd1 Bb7 12. Nbd2 c5 13. Nb3 Qc7 14. dxc5 Nxc5
15. Nfd4 Rac8 16. Bd2 Nce4 17. Rac1 Nxd2 18. Bxe6 Qb8 19. Bxc8 Nxb3 20. Bxb7
Nxc1 21. Qa6 Na2 22. Nc6 Qc7 23. Qxa7 b3 24. Nxe7+ Qxe7 25. Qb6 Nb4 26. a5 Nd7
27. Qc7 Qe5 28. Qxd7 Qxb2 29. a6 Qa3 30. Qd6 b2 31. a7 Qxa7 32. Qxb4 Qa1 33.
Qe1 Qa4 34. Rb1 Qb3 35. Be4 Rc8 36. Qd2 Qa4 37. Bxh7+ Kxh7 38. Qxb2 Rc2 39. Qb7
Qa2 40. Rf1 g6 41. g3 Kg7 42. Kg2 Qe6 43. Qf3 g5 44. Rd1 Rc5 45. Rd4 Rf5 46.
Qe2 Ra5 47. h4 Ra2 48. Qf3 gxh4 49. Rxh4 Kf8 50. Qe4 Qa6 51. Qb4+ 1-0

[Event "4. Memorial Oliver Gonzalez 2015"]
[Site "Madrid ESP"]
[Date "2015.10.14"]
[Round "5.6"]
[White "Gleizerov, Evgeny"]
[Black "Martin Rueda, Daniel"]
[Result "1-0"]
[WhiteElo "2493"]
[BlackElo "2314"]
[PlyCount "125"]
[EventDate "2015.10.10"]
[EventType "swiss"]
[EventRounds "9"]
[EventCountry "ESP"]
[Source "lmi"]
[SourceDate "2015.10.10"]

1. d4 d5 2. c4 c6 3. Nf3 Nf6 4. Nc3 dxc4 5. a4 Bf5 6. e3 e6 7. a5 Bb4 8. Qa4
Qe7 9. Bxc4 O-O 10. O-O Nbd7 11. Be2 Bd6 12. Nh4 Ne4 13. g3 Rac8 14. Bf3 Nxc3
15. bxc3 Bd3 16. Rd1 Ba6 17. Bg2 c5 18. Ba3 Be2 19. Rdb1 b5 20. axb6 Nxb6 21.
Qc2 Bc4 22. Nf3 cxd4 23. Bxd6 Qxd6 24. cxd4 Bd5 25. Qd3 Rc7 26. Ng5 g6 27. Bxd5
exd5 28. Qa3 Qd8 29. Nh3 Qd7 30. Nf4 Rfc8 31. h4 h6 32. Qa5 Kg7 33. Nd3 Qf5 34.
Nc5 Re7 35. Qd2 Qf3 36. Qd1 Qf5 37. Kg2 Nc4 38. Qd3 Qg4 39. Re1 Rce8 40. Ra6
Nb6 41. Rea1 Nc4 42. Re1 Nb6 43. Qe2 Qxd4 44. exd4 Rxe2 45. Rxe2 Rxe2 46. Rxa7
Rd2 47. Ne6+ Kg8 48. Nd8 f5 49. Nc6 Nc4 50. Ne7+ Kf8 51. Nxg6+ Ke8 52. Ra8+ Kf7
53. Ne5+ Nxe5 54. dxe5 Re2 55. Ra6 Rxe5 56. Rxh6 Ke7 57. Kf3 d4 58. Ra6 d3 59.
Ra2 Rd5 60. Rd2 Ke6 61. Ke3 Rd7 62. Rxd3 f4+ 63. Ke4 1-0

[Event "4. Memorial Oliver Gonzalez 2015"]
[Site "Madrid ESP"]
[Date "2015.10.14"]
[Round "5.7"]
[White "Drenchev, Petar"]
[Black "Moreno Ibanez, Miguel"]
[Result "1-0"]
[WhiteElo "2465"]
[BlackElo "2283"]
[PlyCount "141"]
[EventDate "2015.10.10"]
[EventType "swiss"]
[EventRounds "9"]
[EventCountry "ESP"]
[Source "lmi"]
[SourceDate "2015.10.10"]

1. e4 c5 2. Nf3 Nc6 3. Bb5 g6 4. Bxc6 dxc6 5. d3 Bg7 6. Nc3 e5 7. Be3 Qe7 8. h3
Nf6 9. Qd2 Nd7 10. Bh6 Bxh6 11. Qxh6 f6 12. Nd2 Nf8 13. f4 exf4 14. Qxf4 Ne6
15. Qf2 O-O 16. O-O Nd4 17. Nb3 Qe5 18. Nxd4 cxd4 19. Ne2 c5 20. Qf4 Be6 21. a3
Kg7 22. Rac1 Rad8 23. c3 dxc3 24. Rxc3 b6 25. Qxe5 fxe5 26. Rxf8 Rxf8 27. Ng3
Kf6 28. Nf1 Kg5 29. Nd2 h5 30. Nf3+ Kf6 31. Rc2 Rd8 32. Rf2 Bg8 33. Kf1 c4 34.
Nd2+ Ke7 35. dxc4 Rd4 36. b3 a6 37. Ke2 b5 38. cxb5 axb5 39. Rf3 b4 40. axb4
Rxb4 41. Kd3 Be6 42. Kc3 Rb8 43. Kb2 g5 44. Rc3 g4 45. h4 Rf8 46. g3 Rf2 47.
Rd3 Bd7 48. Kc3 Bc6 49. Kc4 Re2 50. Kc5 Bxe4 51. Nxe4 Rxe4 52. b4 Re1 53. b5
Rc1+ 54. Kd5 Rb1 55. Kc6 Ke6 56. Rc3 e4 57. Rc5 Rb3 58. b6 e3 59. b7 e2 60. Rc1
Ke5 61. Re1 Rc3+ 62. Kd7 Rd3+ 63. Ke8 Rb3 64. Rxe2+ Kd6 65. Re7 Rb5 66. Kd8 Rb3
67. Rd7+ Ke6 68. Kc8 Ke5 69. b8=Q+ Rxb8+ 70. Kxb8 Ke4 71. Rf7 1-0

[Event "4. Memorial Oliver Gonzalez 2015"]
[Site "Madrid ESP"]
[Date "2015.10.14"]
[Round "5.8"]
[White "Sorm, Daniel"]
[Black "Moreno Ruiz, Javier"]
[Result "0-1"]
[WhiteElo "2354"]
[BlackElo "2430"]
[PlyCount "91"]
[EventDate "2015.10.10"]
[EventType "swiss"]
[EventRounds "9"]
[EventCountry "ESP"]
[Source "lmi"]
[SourceDate "2015.10.10"]

1. d4 Nf6 2. c4 g6 3. Nc3 Bg7 4. e4 d6 5. Bg5 O-O 6. Qd2 Nbd7 7. f4 h6 8. Bh4
e5 9. dxe5 dxe5 10. fxe5 Nxe4 11. Bxd8 Nxd2 12. Be7 Re8 13. Kxd2 Rxe7 14. Nd5
Rxe5 15. Nxc7 Rb8 16. Nd5 Nf6 17. Nf3 Re8 18. Re1 Rd8 19. Bd3 Nxd5 20. cxd5
Bxb2 21. Ne5 Rxd5 22. Nc4 Bf6 23. Re8+ Kg7 24. Rhe1 Rd8 25. Rxd8 Bxd8 26. Kc2
Be6 27. Kb1 Bc7 28. Ne5 Rd8 29. Bc2 Bxe5 30. Rxe5 Rd2 31. Ra5 Rxg2 32. Rxa7
Rxh2 33. a4 Bd5 34. a5 h5 35. Ba4 h4 36. Bd7 h3 37. Bc8 Be4+ 38. Ka1 Rg2 39.
Bxh3 Rg3 40. Bc8 Rb3 41. Ra8 b6 42. Ra7 Ra3+ 43. Kb2 Rxa5 44. Re7 Bd5 45. Bd7
Ra7 46. Rxf7+ 0-1

[Event "4. Memorial Oliver Gonzalez 2015"]
[Site "Madrid ESP"]
[Date "2015.10.14"]
[Round "5.9"]
[White "Medarde Santiago, Luis Marcos"]
[Black "Valles Moreno, Ivan"]
[Result "1/2-1/2"]
[WhiteElo "2324"]
[BlackElo "2417"]
[PlyCount "103"]
[EventDate "2015.10.10"]
[EventType "swiss"]
[EventRounds "9"]
[EventCountry "ESP"]
[Source "lmi"]
[SourceDate "2015.10.10"]

1. e4 e5 2. Nf3 Nc6 3. d4 exd4 4. Bc4 Nf6 5. e5 d5 6. Bb5 Ne4 7. Nxd4 Bc5 8.
Be3 Bxd4 9. Qxd4 O-O 10. Bxc6 bxc6 11. f3 Ng5 12. O-O Ne6 13. Qd2 f5 14. exf6
Qxf6 15. c3 a5 16. Qf2 Ba6 17. Re1 Rab8 18. Nd2 a4 19. Nf1 Bb5 20. Rad1 a3 21.
b3 Qxc3 22. Bc1 Rfe8 23. Bxa3 Nf4 24. Bb2 Qb4 25. Qg3 g6 26. Kh1 Rxe1 27. Rxe1
Bxf1 28. Rxf1 Re8 29. h3 Qd2 30. Bc1 Ne2 31. Qf2 Qc3 32. Bh6 d4 33. Qh4 d3 34.
Rd1 Qc2 35. Qc4+ Qxc4 36. bxc4 Rd8 37. g4 Nc3 38. Rd2 Nb1 39. Rd1 Na3 40. c5
Nc4 41. Kg1 Rd5 42. Bf4 g5 43. Bd2 Rxc5 44. Rc1 Kf7 45. Bb4 Rd5 46. Rxc4 d2 47.
Bxd2 Rxd2 48. a4 Ke7 49. Rxc6 Kd7 50. Rh6 c5 51. Rh5 c4 52. Rxh7+ 1/2-1/2

[Event "4. Memorial Oliver Gonzalez 2015"]
[Site "Madrid ESP"]
[Date "2015.10.14"]
[Round "5.10"]
[White "Plazuelo Pascual, Juan"]
[Black "Petrov, Marian"]
[Result "1-0"]
[WhiteElo "2302"]
[BlackElo "2462"]
[PlyCount "86"]
[EventDate "2015.10.10"]
[EventType "swiss"]
[EventRounds "9"]
[EventCountry "ESP"]
[Source "lmi"]
[SourceDate "2015.10.10"]

1. d4 g6 2. c4 Bg7 3. e4 c5 4. Nf3 d6 5. Nc3 Bg4 6. dxc5 Bxc3+ 7. bxc3 dxc5 8.
Qxd8+ Kxd8 9. Be3 Bxf3 10. gxf3 Nd7 11. O-O-O Ke8 12. f4 Rc8 13. Bh3 e6 14. f5
Rc6 15. f4 gxf5 16. exf5 Ngf6 17. Rhe1 Rg8 18. Bf2 Ke7 19. Bh4 Nb6 20. fxe6
fxe6 21. f5 Nxc4 22. Rxe6+ Rxe6 23. fxe6 Nb6 24. Rf1 Rf8 25. Rg1 Kd6 26. Rg7
Nfd5 27. Rxb7 Rf3 28. Bg3+ Kc6 29. Rxh7 Rxc3+ 30. Kd1 Rd3+ 31. Ke2 Ra3 32. e7
Re3+ 33. Kf2 Rxe7 34. Rxe7 Nxe7 35. Be6 Nbd5 36. h4 c4 37. h5 Nf6 38. Bh4 Kd6
39. Bxf6 Kxe6 40. Bxe7 Kxe7 41. Ke3 Kf6 42. Kd4 Kg5 43. Kxc4 Kxh5 1-0

[Event "4. Memorial Oliver Gonzalez 2015"]
[Site "Madrid ESP"]
[Date "2015.10.15"]
[Round "6.1"]
[White "Larino Nieto, David"]
[Black "Grigoryan, Karen H"]
[Result "0-1"]
[WhiteElo "2474"]
[BlackElo "2600"]
[PlyCount "70"]
[EventDate "2015.10.10"]
[EventType "swiss"]
[EventRounds "9"]
[EventCountry "ESP"]
[Source "lmi"]
[SourceDate "2015.10.10"]

1. e4 c5 2. Nc3 e6 3. g3 d5 4. exd5 exd5 5. Bg2 d4 6. Nd5 Bd6 7. d3 Ne7 8. Bg5
O-O 9. Ne2 Nbc6 10. O-O h6 11. Nxe7+ Nxe7 12. Bf4 Ng6 13. Bxd6 Qxd6 14. Qd2 Bd7
15. Rae1 Ne5 16. Nf4 Rae8 17. Qd1 Bc6 18. Qh5 g5 19. Nh3 Bxg2 20. Kxg2 Qc6+ 21.
f3 f5 22. Kf2 Kg7 23. Re2 g4 24. Ng1 gxf3 25. Rxe5 Rxe5 26. Nxf3 Qe8 27. Qxe8
Rexe8 28. a4 h5 29. Rg1 Kh6 30. b3 Re3 31. Rg2 Rfe8 32. Nh4 Kg5 33. Nf3+ Kf6
34. Ng1 Re1 35. h3 Rc1 0-1

[Event "4. Memorial Oliver Gonzalez 2015"]
[Site "Madrid ESP"]
[Date "2015.10.15"]
[Round "6.2"]
[White "Arribas Lopez, Angel"]
[Black "Gleizerov, Evgeny"]
[Result "0-1"]
[WhiteElo "2536"]
[BlackElo "2493"]
[PlyCount "50"]
[EventDate "2015.10.10"]
[EventType "swiss"]
[EventRounds "9"]
[EventCountry "ESP"]
[Source "lmi"]
[SourceDate "2015.10.10"]

1. e4 e6 2. d4 d5 3. Nc3 Nf6 4. e5 Nfd7 5. Nce2 c5 6. c3 cxd4 7. cxd4 f6 8.
exf6 Nxf6 9. Nc3 Nc6 10. Nf3 Bd6 11. Bd3 O-O 12. Bd2 e5 13. dxe5 Nxe5 14. Nxe5
Bxe5 15. Qb3 Ng4 16. Rf1 Nxf2 17. Rxf2 Rxf2 18. Kxf2 Qh4+ 19. Kf1 Be6 20. Be1
Rf8+ 21. Ke2 Qg4+ 22. Kd2 d4 23. Qxb7 dxc3+ 24. bxc3 Rd8 25. Qe7 Bf6 0-1

[Event "4. Memorial Oliver Gonzalez 2015"]
[Site "Madrid ESP"]
[Date "2015.10.15"]
[Round "6.3"]
[White "Drenchev, Petar"]
[Black "Ulybin, Mikhail"]
[Result "0-1"]
[WhiteElo "2465"]
[BlackElo "2520"]
[PlyCount "117"]
[EventDate "2015.10.10"]
[EventType "swiss"]
[EventRounds "9"]
[EventCountry "ESP"]
[Source "lmi"]
[SourceDate "2015.10.10"]

1. e4 e6 2. d4 d5 3. Nd2 c5 4. exd5 exd5 5. Ngf3 Nf6 6. Bb5+ Bd7 7. Bxd7+ Nbxd7
8. O-O Be7 9. dxc5 Nxc5 10. Nb3 Nce4 11. Nfd4 Qd7 12. f3 Nd6 13. Nc5 Qc7 14.
Nd3 O-O 15. Qe1 Rfe8 16. Qf2 Rac8 17. Re1 Qb6 18. a4 a6 19. c3 Nc4 20. Nf5
Qxf2+ 21. Kxf2 Bd8 22. Rxe8+ Nxe8 23. Nf4 Nf6 24. Kf1 Na5 25. Be3 g6 26. Nh6+
Kf8 27. Ng4 Nc4 28. Bd4 Nxg4 29. fxg4 Bb6 30. Bxb6 Nxb6 31. a5 Nc4 32. Nxd5 Rd8
33. Nf6 Nxb2 34. Rb1 Rd1+ 35. Rxd1 Nxd1 36. Nxh7+ Ke7 37. g5 Nxc3 38. h4 Ne4
39. Ke2 Nc5 40. g4 Nb3 41. h5 Nxa5 42. Nf6 Nb3 43. h6 Kf8 44. Nd7+ Kg8 45. Kd3
a5 46. Kc4 a4 47. Kb4 b5 48. Nb6 Nd4 49. Nd5 Kh8 50. Nc3 Kh7 51. Ne4 Nc2+ 52.
Kxb5 a3 53. Nc3 Nd4+ 54. Kb4 Ne6 55. Kxa3 Nxg5 56. Kb4 Kxh6 57. Kc4 Nf3 58. Kc5
Ng5 59. Kd4 0-1

[Event "4. Memorial Oliver Gonzalez 2015"]
[Site "Madrid ESP"]
[Date "2015.10.15"]
[Round "6.4"]
[White "Moreno Ruiz, Javier"]
[Black "Del Rio De Angelis, Salvador G"]
[Result "0-1"]
[WhiteElo "2430"]
[BlackElo "2512"]
[PlyCount "52"]
[EventDate "2015.10.10"]
[EventType "swiss"]
[EventRounds "9"]
[EventCountry "ESP"]
[Source "lmi"]
[SourceDate "2015.10.10"]

1. d4 e6 2. c4 b6 3. a3 g6 4. e4 Bg7 5. Nf3 Ne7 6. Nc3 O-O 7. h4 d5 8. h5 c5 9.
hxg6 fxg6 10. cxd5 cxd4 11. Nxd4 exd5 12. Bg5 Qe8 13. Ndb5 Qf7 14. f3 Be5 15.
Be2 a6 16. f4 axb5 17. fxe5 Qf2+ 18. Kd2 Qd4+ 19. Kc2 Qxe5 20. Bxe7 Qxe7 21.
Qxd5+ Kg7 22. Qxa8 Bb7 23. Qxb7 Qxb7 24. Bxb5 Rf2+ 25. Kb3 Nc6 26. Rad1 Qf7+
0-1

[Event "4. Memorial Oliver Gonzalez 2015"]
[Site "Madrid ESP"]
[Date "2015.10.15"]
[Round "6.5"]
[White "Hovhannisyan, Robert"]
[Black "Medarde Santiago, Luis Marcos"]
[Result "1/2-1/2"]
[WhiteElo "2630"]
[BlackElo "2324"]
[PlyCount "114"]
[EventDate "2015.10.10"]
[EventType "swiss"]
[EventRounds "9"]
[EventCountry "ESP"]
[Source "lmi"]
[SourceDate "2015.10.10"]

1. e4 c5 2. Nf3 d6 3. d4 cxd4 4. Nxd4 Nf6 5. Nc3 g6 6. Be3 Bg7 7. f3 Nc6 8. Qd2
O-O 9. Bc4 Bd7 10. h4 Rc8 11. Bb3 h5 12. O-O-O Ne5 13. Kb1 Re8 14. g4 hxg4 15.
h5 Nxh5 16. Bh6 Kh7 17. Bxg7 Kxg7 18. Rdg1 Rh8 19. fxg4 Bxg4 20. Nd5 e6 21. Ne3
Bf3 22. Bxe6 Bxh1 23. Bxc8 Bxe4 24. Bf5 Nf6 25. a3 Rh1 26. Rxh1 Bxh1 27. Bxg6
Kxg6 28. Qd1 Be4 29. Qg1+ Nfg4 30. Nxg4 Qg5 31. Nxe5+ dxe5 32. Qe1 Qg2 33. Ne2
Qh1 34. Ng1 Qg2 35. Ne2 f5 36. Qd2 f4 37. Qd6+ Kf5 38. Qd7+ Kg5 39. Nc3 Qxc2+
40. Ka2 Bg6 41. Qxb7 e4 42. Qe7+ Kg4 43. Qe6+ Bf5 44. Qg8+ Kf3 45. Qd5 Bg4 46.
Qe5 e3 47. Qd5+ Kf2 48. Qh1 e2 49. Qh2+ Ke3 50. Qg1+ Kd3 51. Qxg4 e1=Q 52. Qf5+
Kd2 53. Qxf4+ Qe3 54. Qh2+ Kc1 55. Qh1+ Kd2 56. Qg2+ Kd3 57. Qg6+ Kd2 1/2-1/2